Integration into the world economy companies in transition in the Czech republic, Slovakia and Hungary : RR-96-19, December 1996

Bibliographic Details
Main Authors: Grayson, Leslie E. (Author), Bodily, Samuel E. (Author)
Format: Book
Language:English
PhysicalDescription:v, 167 s. diagramy, grafy, sch., tab. 24 cm
Published: Laxenburg International Institute for Applied Systems Analysis 1996
ISBN:3704501301
Subjects:

MARC

LEADER 00000nam a2200000 a 4500
001 vtls001330219
003 SK-MaSNL
005 20260301114337.0
008 251124s1996 au a r 0 eng
015 |a SNBZSA1998-00252 
020 |a 3704501301 
035 |a SNK000283080 
035 |a urn:nbn:sk:snk-amkhou 
035 |a urn:nbn:sk:snk-am008grk 
035 |a 3E907884-3925-4B1B-9AEA-4844943B94B8 
040 |a SNK  |b slo  |c SNK  |e AACR2 
041 0 |a eng 
044 |a AT 
080 |a 338(437.1/.2+437.6+439)=20  |2 1981 
080 |a 330.172  |2 1981 
080 |a 334.72  |2 1981 
100 1 |a Grayson, Leslie E.  |4 aut  |9 457680 
245 1 0 |a Integration into the world economy  |b companies in transition in the Czech republic, Slovakia and Hungary : RR-96-19, December 1996  |c Leslie E. Grayson, Samuel E. Bodily 
260 |a Laxenburg  |b International Institute for Applied Systems Analysis  |c 1996 
300 |a v, 167 s.  |b diagramy, grafy, sch., tab.  |c 24 cm 
504 |a Bibliogr. odkazy 
655 7 |a príručky  |2 SNK  |9 74364 
700 1 |a Bodily, Samuel E.  |4 aut  |9 457681 
919 |a 3-7045-0130-1 
958 |a OND 
958 |a ZS 
958 |a TL 
958 |a HU 
958 |a CZ 
999 |c 718014  |d 719944 
952 |t P60, <03>, [BOOK], {603}  |a SNK  |b SNK  |y PREZ  |7 0  |p 17A0138409  |o snkSC 95870  |i snkV 521/98  |0 0  |1 0  |4 0  |d 1998-05-12  |f 1  |l 0  |r 2025-09-12 00:00:00  |w 2026-02-23